LEADER 01470nam1 2200433 450 001 990003425680203316 005 20100714141522.0 035 $a000342568 035 $aUSA01000342568 035 $a(ALEPH)000342568USA01 035 $a000342568 100 $a20100714d--------km-y0itay50------ba 101 $ager 102 $aDE 105 $a||||||||001yy 200 1 $aDeutsche Sprachgeschichte vom Spatmittelalter bis zur Gegenwart$fvon Peter von Polenz 210 $aBerlin [etc.]$cW. de Gruyter 215 $av.$d24 cm 225 2 $aSammlung Goschen 410 0$12001$aSammlung Goschen 454 1$12001 461 1$1001-------$12001 463 \1$1001990003425700203316$12001 $a<<1.:>> Einfuhrung, Grundbegriffe 14. bis 16. Jahrhundert 463 \1$1001990003425770203316$12001 $a<<2.:>> 17. und 18. Jahrhundert 463 \1$1001990003425810203316$12001 $a<<3.:>> 19. und 20. Jahrhundert 606 0 $aLingua tedesca$xStoria$2BNCF 676 $a430.9 700 1$aPOLENZ,$bPeter : von$0188480 801 0$aIT$bsalbc$gISBD 912 $a990003425680203316 951 $aVII.2.$bL.G.$cVII.2. 959 $aBK 969 $aUMA 979 $aMARTUCCIEL$b90$c20100714$lUSA01$h1356 979 $aMARTUCCIEL$b90$c20100714$lUSA01$h1356 979 $aMARTUCCIEL$b90$c20100714$lUSA01$h1402 979 $aMARTUCCIEL$b90$c20100714$lUSA01$h1415 996 $aDeutsche Sprachgeschichte vom Spätmittelalter bis zur Gegenwart$9902306 997 $aUNISA LEADER 01190nam--2200373---450- 001 990000936990203316 005 20050722114549.0 010 $a0-691-06429-6 035 $a0093699 035 $aUSA010093699 035 $a(ALEPH)000093699USA01 035 $a0093699 100 $a20020201d24-c----km-y0itay0103----ba 101 $aeng 102 $aUS 105 $a||||||||001yy 200 1 $a<> implications of literacy$ewritten language and models of interpretation in the eleventh and twelft centuries$fBrian Stock 215 $aX, 604 p.$d25 cm 215 $aPrinceton N.J.$cPrinceton university press$dc1983 606 $aComunicazione non verbale$yEuropa$xStoria 676 $a001.543094 700 1$aSTOCK,$bBrian$0197918 801 0$aIT$bsalbc$gISBD 912 $a990000936990203316 951 $aIV.1. 714(II i B 515)$b101603 LM$cII i B 959 $aBK 969 $aUMA 979 $aPATTY$b90$c20020201$lUSA01$h1055 979 $aPATTY$b90$c20020201$lUSA01$h1107 979 $c20020403$lUSA01$h1736 979 $aPATRY$b90$c20040406$lUSA01$h1704 979 $aCOPAT3$b90$c20050722$lUSA01$h1145 996 $aImplications of literacy$9971872 997 $aUNISA